000 00438nam a22001697a 4500
003 NUST
005 20260417155537.0
008 260417b ||||| |||| 00| 0 eng d
020 _a978-94-90354-07-7
082 _a571.07
_bISO
100 _aChris Gossop.
_9134199
245 _aSustainable City Developing World /
_cChris Gossop.
260 _bISOCARP,
_c2010.
300 _a266 p ;
_c29.4 cm
563 _aPaperback
942 _2ddc
_cBK
999 _c617171
_d617171